Geography Quiz

Random Geography or State Quiz

Real States and Union Territories of India Quiz Stats

 Plays Quiz not verified by Sporcle

Challenge
Share
Tweet
Score 0/36 Timer 04:00
0 Plays Today
% Correct
Madhya Pradesh
90.5%
Jammu and Kashmir
87.3%
West Bengal
87.3%
Maharashtra
85.7%
Punjab
85.7%
Tamil Nadu
85.7%
Uttar Pradesh
85.7%
Andhra Pradesh
82.5%
Goa
82.5%
Himachal Pradesh
82.5%
Kerala
82.5%
Andaman and Nicobar Islands
82.5%
Delhi
81%
Jharkhand
79.4%
Rajasthan
79.4%
Gujarat
77.8%
Manipur
77.8%
Uttarakhand
77.8%
% Correct
Arunachal Pradesh
76.2%
Karnataka
76.2%
Assam
74.6%
Nagaland
74.6%
Haryana
73%
Chhattisgarh
71.4%
Tripura
71.4%
Bihar
69.8%
Odisha
69.8%
Sikkim
69.8%
Lakshadweep
69.8%
Puducherry
69.8%
Mizoram
68.3%
Daman and Diu
68.3%
Telangana
66.7%
Dadra and Nagar Haveli
65.1%
Meghalaya
61.9%
Chandigarh
58.7%

You're not logged in!

Compare scores with friends on all Sporcle quizzes.
Join for Free
OR
Log In

You Might Also Like...

Show Comments

Extras

Top Quizzes Today


Score Distribution

Your Account Isn't Verified!

In order to create a playlist on Sporcle, you need to verify the email address you used during registration. Go to your Sporcle Settings to finish the process.

Report this User

Report this user for behavior that violates our Community Guidelines.

Details: